000 00316nam a22001337a 4500
008 180919b xxu||||| |||| 00| 0 eng d
020 _a2900131241236
041 _aeng
080 _27 ED
_a370
100 _a48
101 _aEDU
245 _aThe scott Foresman Hndbook For Writers
_cFried.H
942 _2udc
_cBK
999 _c48046
_d48046